English Football Clubs with Grounds Ending in "Park" - Statistics

General Stats
  • This quiz has been taken 1,101 times
    197 since last reset
  • The average score is 11 of 18
Answer Stats
Ground Club % Correct
Villa Park Aston Villa
95%
St James' Park Newcastle United
95%
Selhurst Park Crystal Palace
92%
Vale Park Port Vale
89%
Ewood Park Blackburn Rovers
85%
Fratton Park Portsmouth
85%
Pride Park Derby County
82%
St James Park Exeter City
72%
Home Park Plymouth Argyle
67%
Adams Park Wycombe Wanderers
59%
Boundary Park Oldham Athletic
53%
Edgeley Park Stockport County
49%
Prenton Park Tranmere Rovers
49%
Blundell Park Grimsby Town
47%
Huish Park Yeovil Town
36%
Brunton Park Carlisle United
35%
Glanford Park Scunthorpe United
33%
Victoria Park Hartlepool United
23%
No matching quizzes found
Score Distribution
Percent of People with Each Score
Percentile by Number Answered
Your Score History
You have not taken this quiz since the last reset